000 004240000a22001690004500
003 MACL
005 20160112152135.0
008 160112b xxu||||| |||| 00| 0 eng d
040 _aMACL
_cMACL
041 _aEnglish
082 _a920/ZAK
100 _aZakaria, Rafiq
_91794
245 _aA Study of Nehru
260 _bA Times of India Publication
_c1959
_aBombay
650 _aBiography
_931454
942 _cBK
_k920/Zak
_2ddc
999 _c35003
_d35003